00681nam a2200193 a 450000100100000000500170001000800410002702000180006804000250008608200110011110000230012224500500014526000460019530000370024150000570027859000260033595201090036199900170047000004799320201002060842.0181010s2007 dr ac 000 0 spa d a9789945140163 aDO-SdBNPbspacBNPHU axxbxx1 aFleury, John9216913aEl padre Emiliano nos escribe /cJohn Fleury. aSanto Domingo :bEditora Corripio,c2007. a151 p. :bils., retrs. ;c23 cm. aIncluye datos biográficos del autor en las solapas aInventariado, 2019/VM 0010718PDaPDbPDcHDd2018-10-10iLF1l0oxx xxp47993-10r2020-06-25w2020-06-25yLFPDZNo se presta c47481d47481